The Forgetful bears help Santa / (Record no. 4391)

MARC details
000 -LEADER
fixed length control field 00957pam a2200289 a 4500
005 - DATE AND TIME OF LATEST TRANSACTION
control field 20240819144827.0
020 ## - INTERNATIONAL STANDARD BOOK NUMBER
International Standard Book Number 9780590409940
040 ## - CATALOGING SOURCE
Original cataloging agency DLC
Transcribing agency DLC
Modifying agency DLC
Language of cataloging eng
050 00 - LIBRARY OF CONGRESS CALL NUMBER
Classification number PZ7.W4362
Item number 1988
082 00 - DEWEY DECIMAL CLASSIFICATION NUMBER
Classification number 263
100 1# - MAIN ENTRY--PERSONAL NAME
Personal name Weinberg, Larry
245 14 - TITLE STATEMENT
Title The Forgetful bears help Santa /
Statement of responsibility, etc. by Larry Weinberg ; illustrated by Bruce Degen
260 ## - PUBLICATION, DISTRIBUTION, ETC.
Place of publication, distribution, etc. New York :
Name of publisher, distributor, etc. Scholastic ;
Date of publication, distribution, etc. 1988
300 ## - PHYSICAL DESCRIPTION
Extent 32 unnumbered pages :
Other physical details color illustrations ;
Dimensions 21 cm.
490 ## - SERIES STATEMENT
Series statement The Forgetful Bears
505 ## - FORMATTED CONTENTS NOTE
Formatted contents note H <br/>
520 ## - SUMMARY, ETC.
Summary, etc. When Mr. Forgetful Bear sees Santa's clothes and reindeer, he forgets who he is and delivers toys to children.
521 ## - TARGET AUDIENCE NOTE
Target audience note 450 <br/>
Source Lexile estimate <br/><br/>
521 ## - TARGET AUDIENCE NOTE
Target audience note H <br/>
Source Raz-Plus <br/><br/>
650 #1 - SUBJECT ADDED ENTRY--TOPICAL TERM
Topical term or geographic name entry element Memory
Form subdivision Fiction.
650 #1 - SUBJECT ADDED ENTRY--TOPICAL TERM
Topical term or geographic name entry element Christmas
Form subdivision Fiction.
650 #1 - SUBJECT ADDED ENTRY--TOPICAL TERM
Topical term or geographic name entry element Bears
Form subdivision Fiction.
700 1# - ADDED ENTRY--PERSONAL NAME
Personal name Degen, Bruce
Relator term illustrator
906 ## - LOCAL DATA ELEMENT F, LDF (RLIN)
a 7
b cbc
c orignew
d 1
e ocip
f 19
g y-gencatlg
942 ## - ADDED ENTRY ELEMENTS (KOHA)
Source of classification or shelving scheme Dewey Decimal Classification
Koha item type Books
Suppress in OPAC No
999 ## -
-- 4391
-- 4391
Holdings
Withdrawn status Lost status Source of classification or shelving scheme Damaged status Not for loan Collection Home library Current library Shelving location Date acquired Total Checkouts Full call number Barcode Date last seen Date last checked out Price effective from Koha item type
    Dewey Decimal Classification     Juvenile Fiction Footprints International School Library Network Toul Kork Campus Footprints International School Library Network Toul Kork Campus   08/19/2024 2 WEI 263 PZ7.W4362 FISBK06318 09/25/2024 09/18/2024 08/19/2024 Books